Alkali Metals - Statistics

General Stats
  • This quiz has been taken 52 times
  • The average score is 5 of 6
Answer Stats
# Answer % Correct
3 Lithium
97%
19 Potassium
97%
11 Sodium
95%
87 Francium
84%
37 Rubidium
81%
55 Ceasium
70%
No matching quizzes found
Score Distribution
Percent of People with Each Score
Percentile by Number Answered
Your Score History
You have not taken this quiz